000
00334 a2200157 4500
001
57227
020
_a
8516035433
040
_c
Anchieta - Pituba
100
_a
Carrasco, Walcyr
240
1
0
_a
O menino narigudo
_l
por
245
1
0
_a
O menino narigudo
300
_a
80
362
0
_a
2007
650
4
_a
Literatura juvenil
942
_c
BK
999
_c
57227
_d
57227